Essays in medieval culture /

Bibliographic Details
Main Author: Robertson, D. W., Jr. (Durant Waite), 1914-1992
Format: Book
Language:English
Published: Princeton, N.J. : Princeton University Press, [1980]
Subjects:

MARC

Tag First Indicator Second Indicator Subfields
LEADER 00000pam a2200000 i 4500
001 in00000660621
005 20151015095914.0
008 800318s1980 njua b 00110 eng
010 |a  80013130  
020 |a 0691064490 :  |c $35.00 
020 |a 0691013756 (pbk.) :  |c $12.95 
035 |a (OCoLC)06194738 
035 |9 ACZ0750AM 
040 |a DLC  |c DLC  |d TXA  |d UtOrBLW 
043 |a e------ 
049 |a TXAM  |c [384522] 
050 0 0 |a PN681  |b .R55 
082 0 |a 809/.02 
100 1 |a Robertson, D. W.,  |c Jr.  |q (Durant Waite),  |d 1914-1992. 
245 1 0 |a Essays in medieval culture /  |c D. W. Robertson, Jr. 
264 1 |a Princeton, N.J. :  |b Princeton University Press,  |c [1980] 
264 4 |c ©1980 
300 |a xx, 404 pages :  |b illustrations ;  |c 24 cm. 
336 |a text  |b txt  |2 rdacontent 
337 |a unmediated  |b n  |2 rdamedia 
338 |a volume  |b nc  |2 rdacarrier 
500 |a Includes index. 
504 |a Bibliography: pages [383]-384. 
650 0 |a Literature, Medieval  |x History and criticism. 
999 |a MARS 
999 f f |s 0884272e-f8bf-38d8-a979-bdf21d9a434e  |i 6681d0e0-e846-3572-8119-994b0f76f53b  |t 0 
952 f f |p ric  |a Texas A&M University  |b Rellis Campus  |c Joint Library Facility  |d Remote Storage  |t 0  |e PN681 .R55  |h Library of Congress classification  |i unmediated -- volume  |m A14803669957 
998 f f |a PN681 .R55  |t 0  |l Remote Storage